| 000 | 00772cam a2200277 4500 | ||
|---|---|---|---|
| 008 | 090401t1994 xxu||||| |||| 00| 0 eng d | ||
| 020 | _a1854313770 | ||
| 035 | _a(Sirsi) u42135 | ||
| 041 | _aeng | ||
| 050 | _a333.33 | ||
| 100 | _aClarke, Michael | ||
| 245 | _aSlippery customers: estate agents, the public and regulation. | ||
| 260 |
_aLondon _bBlackstone Press Ltd _c1994 |
||
| 300 | _axi, 295p. ; 22cm. | ||
| 350 | _a19.95 | ||
| 650 | _aESTATE AGENCY | ||
| 650 | _aESTATE AGENTS ACT 1979 | ||
| 650 | _aESTATE AGENTS | ||
| 650 | _aOCEA | ||
| 650 | _aPROPERTY MISDESCRIPTIONS ACT 1991 | ||
| 690 | _aMANAGEMENT-BUSINESS MANAGEMENT-PROFESSIONAL PRACTICE | ||
| 700 | _aSmith, David | ||
| 700 | _aMcConville, Mike | ||
| 942 | _n0 | ||
| 948 | _c04/03/1997 | ||
| 999 |
_c91027 _d91027 |
||